| 000 | 00413nam a2200133Ia 4500 | ||
|---|---|---|---|
| 008 | 180922s9999 xx 000 0 und d | ||
| 020 | _a764502611 | ||
| 100 | _aRathbone,Andy. | ||
| 245 |
_cAndy Rathbone.-- _aWindows 98 for dummies / |
||
| 260 |
_aCalifornia : _bIDG books worldwide _c1998 |
||
| 300 | _axxii, 382 pages. | ||
| 650 | _aMicrosoft Windows (Computer file). | ||
| 650 | _aOperating systems (Computers). | ||
| 999 |
_c358827 _d358827 |
||